| 000 | 00434nam 22001573 4500 | ||
|---|---|---|---|
| 001 | 202344 | ||
| 016 | _dcompra | ||
| 090 | _a202344 | ||
| 100 | _a20260527d u||y0pory50 ba | ||
| 200 |
_aDisco flash! (CD áudio) _eo melhor do disco sound _fGloria Gaynor...[et al.] |
||
| 210 |
_a[Lisboa] _cPromoway Portugal, Lda _d2003 |
||
| 215 | _c1 cd audio | ||
| 606 |
_91103 _aMúsica |
||
| 675 |
_a78 _vPT _zpor |
||
| 801 |
_aPT _bBMMN _gRPC |
||
| 990 | _cCD MUSICA | ||